| 000 | 00329nam a2200097Ia 4500 | ||
|---|---|---|---|
| 082 | _a306.8742 DUER | ||
| 245 | 0 | _aThe reluctant fathers' club (or how I learned to stop worrying and cautiously embrace parenthood) | |
| 100 |
_a Duerden, Nick London, 2009 _976485 |
||
| 942 | _cBK | ||
| 008 | 210817s9999 xx 000 0 und d | ||
| 999 |
_c254775 _d254774 |
||